000 01059nam0a2200313 4500
001 RU\NLR\bibl\9185
005 20260406051115.0
010 _a5-87849-083-8
_930000
021 _aRU
_b98-12514
_9589
021 _aRU
_b2000-23537
_91118
035 _a(NLR Aleph) 000008981
090 _a29029
_c29029
100 _a19981203d1998 |||y0rusy50 ca
101 0 _arus
102 _aRU
105 _a|||||||||||||
200 1 _aЯ и мои килограммы
_fН. Лоза
210 _aМ.
_cЯуза
_d1998
215 _a207 с.
_cил.
_d20
320 _aБиблиогр.: с.206
606 0 _aОжирение
_jПопулярная литература
_xТерапия
_9892982
_3RU\NLR\auth\66323335
606 0 _aОжирение
_jПопулярные издания
_xТерапия
_9892982
_3RU\NLR\auth\66323335
686 _aР415.202.1-5я9
700 1 _4070
_8rus
_7ca
_aЛоза
_bН.
_gНина
_3RU\NLR\auth\776468
_9116422
801 0 _aRU
_bNLR
_c19981203
_gPSBO
801 1 _aRU
_bNLR
_c19981203
852 _aNLR
_j98-3/3234
942 _cBOOK
980 _aNB